000 00400nam a2200157Ia 4500
008 220805s9999 xx 000 0 und d
020 _a978-81-7229-008-5
041 _aeng
082 _a923.254
100 _aGandhi,M.K.
_988672
260 _aAhmedabad
_bNavseevan publication
_c2013
245 _aMahatma Gandhi :An Autobiography
250 _a1
300 _a463
650 _aAutobiography
_988673
999 _c48793
_d48793